| 000 | 00673nam a22001577a 4500 | ||
|---|---|---|---|
| 008 | 160428b xxu||||| |||| 00| 0 eng d | ||
| 082 |
_22013 _aUT 0452 _bB12 |
||
| 100 |
_96733 _aBacaro, Maria Fe A. |
||
| 245 |
_aFood handling practices of street food vendors and the level of costumer's awareness on food preparation in Digos City/ _cMaria Fe A. Bacaro, Adrianne G. Capoy and Ian Neil C. Pantillo. |
||
| 260 |
_aDigos City: _bUMDC _cJune 28, 2013 |
||
| 300 |
_a47 pages; _c30 cm. |
||
| 650 | 0 |
_96732 _aBusiness Administration _vHuman Resource Management _xUndergraduate thesis. |
|
| 700 |
_96730 _aCapoy, Adrianne G. |
||
| 700 |
_96731 _aPantillo, Ian Neil C. |
||
| 942 |
_2ddc _cUT |
||
| 999 |
_c2084 _d2084 |
||